000 00555nam a2200193Ia 4500
008 131103s9999 xx 000 0 und d
040 _aLoreto College
041 _aEnglish
082 _a920TAG
_bLCBED/4150
100 _aTagore, Rathindranath
245 _aOn the edges of time
_cRathindranath Tagore
260 _aBombay
_bOrient Longmans
_c1958
300 _a191p
_c 22cm
504 _aIncludes index
650 _aTagore, Rabindranath, 1861-1941 - Criticism and Interpretation
651 _aBiography
850 _aLCBED/920/TAG
942 _cBK
999 _c30682
_d81161